[Event "41st Nezhmetdinov Rapid 2019"]
[Site "Kazan"]
[Date "2019.05.29"]
[Round "1.1"]
[White "Kokarev, Dmitry"]
[Black "Vasiliev, Maxsim"]
[Result "1-0"]
[WhiteElo "2689"]
[BlackElo "2012"]
[Annotator "TA"]
[PlyCount "129"]
[EventDate "2019.05.29"]
[EventType "swiss"]
[EventCountry "RUS"]
[SourceTitle "playchess.com"]
[Source "ChessBase"]
[SourceQuality "1"]

{[%evp 18,129,35,35,49,46,50,50,54,28,26,0,0,0,0,0,0,0,0,-92,0,-12,0,0,0,-10,-11,-13,-16,-11,15,-18,-11,-16,0,-15,0,0,0,0,0,-29,-35,-94,0,-15,-6,-4,26,26,19,19,22,17,28,22,32,35,63,45,56,45,53,62,121,55,167,44,54,54,127,110,191,191,188,188,345,337,300,292,295,37,345,37,365,37,37,37,55,37,37,37,45,37,55,55,55,38,785,37,53,33,29955,9456,12845,12838,6191,5516,29980,29981,29987,29988,29990,29991]} 1. e4 c5 2. Nf3 Nc6 3. d4 cxd4 4. Nxd4 g6 5. c4 Nf6 6. Nc3 d6 7. Be2 Nxd4 8. Qxd4 Bg7 9. Bg5 O-O 10. Qd2 a5 {B36: Sicilian: Maroczy Bind: Gurgenidze System} 11. O-O a4 12. Rab1 (12. Rac1 Be6 13. Rfe1 Qa5 14. Bf1 Rfc8 15. b3 axb3 16. axb3 Qb4 17. Nd5 Qxd2 18. Bxd2 Bxd5 19. exd5 Kf8 20. Bc3 Ra3 {½-½ (67) Andreikin,D (2712)-Mamedov,R (2709) Huaian 2017}) 12... Qa5 {White is slightly better.} 13. f3 (13. b4 {keeps more tension.} axb3 14. axb3 Qb4 15. Qd3 Be6 16. Rfc1) 13... Be6 14. Nb5 (14. Rfc1 {with more complications.} Rfc8 15. b4 axb3 16. axb3 Qb4 17. Kh1) 14... Qxd2 15. Bxd2 Rfc8 16. Rfc1 Nd7 17. Be3 Ne5 {[%cal Re5c4]} 18. Na7 {[#]} (18. b3 $11 {keeps the balance.}) 18... Rc7 $146 (18... Rxc4 $1 $17 19. a3 Rxc1+ 20. Rxc1 Nc6) ({Predecessor:} 18... Rxc4 19. Bxc4 Nxc4 {0-1 (42) Lozhnikov,V (2304)-Pak,Y (2328) Kostanay 2012}) 19. b3 axb3 20. axb3 Nc6 {Strongly threatening ...Bd4.} 21. Nb5 Rcc8 22. Rc2 Nb4 23. Rd2 Ra2 24. Kf1 Rca8 25. Nc7 Ra1 26. Rdd1 (26. Rxa1 {is interesting.} Rxa1+ 27. Kf2 Be5 28. Rd1 Ra2 29. Rd2) 26... Nc2 27. Bg5 Rxb1 28. Rxb1 Ra2 29. Nxe6 fxe6 30. c5 ({Better is} 30. b4 $15) 30... Kf7 (30... dxc5 $17 31. Bc4 Nd4) 31. b4 Bd4 32. Bc4 $132 {[%mdl 2048] White has counterplay} Ra1 (32... Ra7 {looks sharper.} 33. cxd6 exd6 34. Rd1 Ra3 35. Rd2 Rc3) 33. Rxa1 Bxa1 34. cxd6 exd6 $11 {[%mdl 4096] Endgame KBB-KBN} 35. Bd2 Nd4 36. Kf2 Nc6 37. f4 Kf6 38. g4 Bd4+ 39. Kg3 h6 40. h4 h5 {[#]} (40... Ne7 $14) 41. g5+ (41. b5 $1 $16 {[%cal Rb5c6]} Ne7 42. f5 gxf5 43. Bg5+ (43. gxh5 fxe4 44. Bg5+ Kf7 $17) 43... Kf7 44. exf5 Be5+ 45. Kg2) 41... Ke7 (41... Kf7 $1 $14) 42. Be2 (42. b5 $18 Na7 43. f5) 42... Kf7 43. f5 exf5 (43... Be5+ $14 44. Kf2 Bb2) 44. exf5 $16 Be5+ (44... Ne5 $16 {was called for.} 45. b5 d5) 45. Kg2 $18 Nd4 46. Bc4+ Kg7 $2 (46... Kf8) 47. f6+ Kf8 48. Bd3 Kf7 49. Be3 $2 (49. Be4 $18) 49... Nf5 $2 {[%mdl 8192]} (49... d5 $14) 50. Bf2 $2 (50. Bc4+ $18 Kf8 51. Bf2) 50... Bc3 $2 {[%mdl 8192]} ({Black should play} 50... d5 $14) 51. b5 $2 ({White must play} 51. Bc4+ $18 Kf8 52. b5) 51... Ke6 52. Kf3 Bb2 53. Ke4 {Black must now prevent Bc4+.} d5+ 54. Kf3 Be5 55. Ke2 Bc3 56. Kd1 Kf7 57. Kc2 Bd4 $2 {[%mdl 8192]} (57... Ba5 $14) 58. Be1 $2 ({White has to play} 58. Bxd4 $18 {Intending Bxf5 and mate.} Nxd4+ 59. Kc3) 58... Be5 59. Kb3 Bg3 $2 {[%mdl 8192]} (59... Bd4 $14) 60. Bxg3 Nxg3 61. b6 Nf5 62. Kb4 Nxh4 {[#]} 63. Ba6 $1 {[%mdl 512] White mates.} Nf5 (63... bxa6 64. b7) 64. Bxb7 Ne3 65. Bc8 {Accuracy: White = 42%, Black = 25%.} 1-0

[Event "41st Nezhmetdinov Rapid 2019"]
[Site "Kazan"]
[Date "2019.05.29"]
[Round "1.2"]
[White "Kungurov, Andrei"]
[Black "Morozevich, Alexander"]
[Result "0-1"]
[WhiteElo "2012"]
[BlackElo "2667"]
[Annotator "TA"]
[PlyCount "67"]
[EventDate "2019.05.29"]
[EventType "swiss"]
[EventCountry "RUS"]
[SourceTitle "playchess.com"]
[Source "ChessBase"]
[SourceQuality "1"]

{[%evp 21,67,31,15,7,16,-31,-30,-18,0,-56,0,0,0,0,0,-82,-80,-125,-127,-124,-121,-134,0,-497,-491,-602,-610,-566,-591,-716,-730,-876,-1304,-1025,-800,-1368,-1317,-1275,-1236,-1250,-1169,-1604,-1539,-2084,-1636,-5702,-5222,-29993]} 1. e4 c5 2. Nc3 Nc6 3. Nge2 g6 4. d4 cxd4 5. Nxd4 Bg7 6. Be3 Nf6 7. Bc4 O-O 8. Bb3 d6 9. f3 Bd7 10. Qd2 Nxd4 11. Bxd4 b5 {[%cal Bb7b5,Bb5b4][%mdl 32]} 12. a3 {B77: Sicilian Dragon: Yugoslav Attack, 9 Bc4 sidelines} (12. a4 bxa4 13. Bxa4 Be6 14. O-O Qc7 15. Rfc1 Qb7 16. Nd1 Rfc8 17. Ne3 Bh6 18. Ra3 Rc4 19. Bb3 Qb4 20. Qxb4 Rxb4 21. Bxe6 Rxd4 {½-½ (40) Grischuk,A (2771)-Savchenko,B (2562) St Petersburg 2018}) 12... a5 13. g4 b4 14. Na4 $146 {Black has an edge.} ({Predecessor:} 14. Nd5 Nxd5 15. Bxd5 Bxd4 16. Qxd4 Rc8 17. O-O Rxc2 18. axb4 e5 19. Qe3 axb4 {½-½ (34) Hermann,J (2238)-Brendel,O (2378) France 2003}) 14... Rb8 15. h4 (15. axb4 $11 axb4 16. h4) 15... e5 (15... h5 $15) 16. Be3 Bxa4 17. Bxa4 d5 18. Bc5 (18. g5 $11 bxa3 19. Rxa3) 18... dxe4 $17 19. Bxf8 Qxf8 20. g5 Nh5 21. fxe4 {[#]} Ng3 (21... bxa3 $1 $17 22. bxa3 (22. Rxa3 Rxb2 23. Ra1 Rb4 $17) 22... Qc5) 22. Qg2 $2 {[%mdl 8192]} (22. Rh2 $11 {and White is okay.}) 22... Nxh1 $19 {Black is clearly winning.} 23. Qxh1 bxa3 24. bxa3 Qc5 25. Bb3 {[#]} a4 $1 {[%mdl 512]} 26. Bd5 (26. Bxa4 Qd4) 26... Qc3+ {[%mdl 64] Double Attack} 27. Kf2 Qxc2+ 28. Kg3 Qc3+ 29. Kg4 h5+ 30. gxh6 Bxh6 {aiming for ...Qc8+.} 31. Rf1 Bf4 {[%csl Gf4][%cal Rc3g3]} 32. Qg2 Kg7 33. h5 Rh8 34. hxg6 {Accuracy: White = 27%, Black = 83%.} 0-1

[Event "41st Nezhmetdinov Rapid 2019"]
[Site "Kazan"]
[Date "2019.05.29"]
[Round "1.3"]
[White "Chigaev, Maksim"]
[Black "Yangutov, Aleksey"]
[Result "1-0"]
[WhiteElo "2666"]
[BlackElo "2009"]
[Annotator "TA"]
[PlyCount "57"]
[EventDate "2019.05.29"]
[EventType "swiss"]
[EventCountry "RUS"]
[SourceTitle "playchess.com"]
[Source "ChessBase"]
[SourceQuality "1"]

{[%evp 12,57,36,16,16,12,33,33,33,32,29,39,25,24,18,12,25,41,45,35,43,46,141,145,143,158,299,306,307,292,283,286,348,389,370,327,343,330,347,346,376,388,375,372,459,432,503,502]} 1. e4 c5 2. Nf3 Nc6 3. Bb5 g6 4. Bxc6 dxc6 5. d3 Bg7 6. h3 Nf6 7. Nc3 Nd7 {B31: Sicilian: 2...Nc6 3 Bb5 g6} 8. Be3 b6 (8... e5 9. Qd2 h6 10. a3 b6 11. b4 Nf8 12. bxc5 Ne6 13. cxb6 axb6 14. Qc1 f5 15. a4 f4 16. Bd2 O-O 17. Qb2 {0-1 (51) Meier,G (2628)-Caruana,F (2819) Karlsruhe/Baden Baden 2019}) 9. Qd2 h6 {White is slightly better.} 10. O-O e5 11. Nh2 Nf8 12. f4 exf4 13. Bxf4 g5 14. Bg3 Be6 15. e5 Ng6 16. Rae1 Qc7 $146 {[#]} (16... Qd4+ $14 17. Rf2 Bxe5 18. Bxe5 (18. Nf3 Bf4 $11) 18... Nxe5) ({Predecessor:} 16... Qd4+ 17. Kh1 {1-0 (39) Zagrebelny,S (2485)-Yagupov,I (2405) Tula 2019}) 17. Ne4 $1 $16 {[%cal Bc3e4,Be4d6,Bd6f7][%mdl 32]} O-O-O 18. Nd6+ Kb8 {[#]} (18... Rxd6 $16 19. exd6 Qd7) 19. Nxf7 $1 $18 {[%mdl 576] Remove Defender} Bxf7 {[#]} 20. Rxf7 $1 {[%mdl 576] Remove Defender} Qxf7 21. e6+ {[%mdl 64] Discovered Attack} Qf4 22. Bxf4+ Nxf4 23. e7 Rde8 24. g3 Nd5 25. c3 Rxe7 26. Rxe7 Nxe7 27. Qe2 Nd5 28. Qe6 Rc8 29. Ng4 {Accuracy: White = 100%, Black = 49%.} 1-0

[Event "41st Nezhmetdinov Rapid 2019"]
[Site "Kazan"]
[Date "2019.05.29"]
[Round "1.4"]
[White "Akhtariev, Andrey"]
[Black "Timofeev, Artyom"]
[Result "0-1"]
[WhiteElo "2007"]
[BlackElo "2664"]
[Annotator "TA"]
[PlyCount "62"]
[EventDate "2019.05.29"]
[EventType "swiss"]
[EventCountry "RUS"]
[SourceTitle "playchess.com"]
[Source "ChessBase"]
[SourceQuality "1"]

{[%evp 16,113,14,0,10,11,29,18,2,0,0,-15,-9,-38,-22,-10,0,0,0,0,14,0,35,0,0,-39,-63,-70,-31,-40,0,-86,-83,-101,-72,-107,-65,-50,-47,-83,-49,-134,-138,-144,-131,-172,-170,-223,-212,-201,-146,-357,-346,-354,-338,-387,-288,-495,-456,-499,-490,-776,-772,-779,-771,-644,-545,-543,-397,-391,-383,-368,-366,-354,-281,-429,-413,-427,-408,-406,-399,-629,-651,-971,-971,-862,-859,-1264,-1214,-970,-865,-1489,-1302,-29961,-9658,-29966,-29969,-29969,-29970,-29945]} 1. e4 c5 2. Nf3 d6 3. d4 cxd4 4. Nxd4 Nf6 5. Nc3 e6 6. Be2 Nc6 7. Be3 Be7 8. O-O O-O 9. Qe1 e5 {B83: Sicilian Scheveningen: 6 Be2, lines without ...a6} (9... Nxd4 10. Bxd4 e5 11. Be3 Be6 12. Qd2 a6 13. Rfd1 Rc8 14. Bg5 Qb6 15. Rab1 Rc6 16. Bxf6 Bxf6 17. Nd5 Bxd5 18. exd5 {0-1 (63) Reinhart,E (2357)-Sokolov,A (2573) Mulhouse 2011}) 10. Nb3 a5 11. Rd1 $146 ({Predecessor:} 11. a4 Nb4 12. Qd2 Ng4 13. Bxg4 Bxg4 14. Nc1 Be6 15. Rd1 f5 16. f3 Rc8 17. Nd3 fxe4 18. fxe4 Nxd3 19. Qxd3 Rc6 20. Nd5 Bg5 21. c3 Bxe3+ 22. Qxe3 {1-0 (34) Holmsten,A (2325)-Gaspariants,V (2335) Naantali 1997}) 11... a4 {The position is equal.} 12. Nc1 a3 13. bxa3 Rxa3 14. Nb3 Be6 15. f4 exf4 16. Bxf4 Qb6+ 17. Kh1 $1 Ne5 18. Qg3 Nfd7 19. Be3 (19. Bc1 {seems wilder.} Raa8 20. Nd4 Kh8 21. a4 Rfc8 22. Ba3) 19... Qd8 {[#] Threatens to win with ...Bh4.} 20. Bd4 (20. Bc1 {keeps more tension.} Ra8 21. Nd4 Bh4 22. Qe3 Nc4 23. Qd3) 20... Bh4 $36 {[%mdl 2048] White is under pressure.} 21. Qf4 Bg5 22. Qg3 Qe7 23. Bd3 (23. Bxe5 $11 {remains equal.} Nxe5 24. Nd4) 23... Bh4 24. Qf4 Bf6 25. Rfe1 Rc8 26. Nd5 Bxd5 27. exd5 Rxa2 28. Qf5 (28. Bf5 $15) 28... g6 $17 29. Qf1 Bg7 30. Ra1 Rxa1 31. Bxa1 (31. Nxa1 $142 Qh4 32. Bf2) 31... Qg5 {Played: Qe7-h4} 0-1

[Event "41st Nezhmetdinov Rapid 2019"]
[Site "Kazan"]
[Date "2019.05.29"]
[Round "1.5"]
[White "Sakaev, Konstantin"]
[Black "Suleimanov, Albert"]
[Result "1-0"]
[WhiteElo "2641"]
[BlackElo "2006"]
[Annotator "TA"]
[PlyCount "125"]
[EventDate "2019.05.29"]
[EventType "swiss"]
[EventCountry "RUS"]
[SourceTitle "playchess.com"]
[Source "ChessBase"]
[SourceQuality "1"]

{[%evp 17,125,38,36,9,20,24,17,8,12,0,16,-2,-8,-7,-13,-14,-11,-24,0,0,36,36,36,30,36,36,36,36,36,43,45,36,36,36,47,36,40,40,58,58,81,70,76,81,76,78,76,85,88,35,33,24,31,42,84,35,35,10,25,0,208,207,190,195,362,356,450,445,448,447,589,588,482,363,442,430,417,406,456,379,301,0,416,402,510,452,764,727,995,975,757,722,29975,29976,29976,29977,29977,29978,29978,29979,29979,29978,29977,29978,29984,29985,29985,29986,29986,29987]} 1. d4 e6 2. c4 b6 3. Nf3 Bb7 4. g3 Nf6 5. Bg2 Be7 6. O-O O-O 7. Nc3 d5 8. Ne5 Qc8 9. cxd5 Nxd5 10. e4 {E18: Queen's Indian: Old Main Line (4 g3 Bb7 5 Bg2 Be7 6 0-0 0-0 7 Nc3)} (10. Qb3 Rd8 11. Nxd5 Bxd5 12. Bxd5 Rxd5 13. Qf3 Bf6 14. Nxf7 Kxf7 15. e4 Rxd4 16. e5 Nd7 17. exf6 Nxf6 {½-½ (66) Adamek,J (2382)-Polak,T (2505) Czech Republic 2016}) 10... Nxc3 11. bxc3 Nd7 12. Nc4 {The position is equal.} Nf6 $146 ({Predecessor:} 12... Ba6 13. Qb3 c5 14. d5 Bxc4 15. Qxc4 Ne5 16. Qe2 exd5 17. exd5 Bd6 {1-0 (44) Rozhko,D (2353)-Bykov,E (2060) Dombai 2013}) 13. Re1 Rd8 14. Qb3 c5 15. Bb2 Qc7 16. Rac1 Rac8 17. a4 Ba6 {Hoping for ...cxd4.} 18. Ne3 Bd3 19. e5 c4 20. Qd1 Nd5 21. Nxd5 exd5 22. Ra1 Qd7 23. Ba3 Bxa3 24. Rxa3 a6 25. Qd2 Qc6 26. Qb2 Bf5 27. h3 h5 28. Qe2 g6 29. g4 hxg4 30. hxg4 Bd3 31. Qd2 Qe6 32. Qg5 f5 33. gxf5 ({White should try} 33. Qf6 $16 Qxf6 34. exf6) 33... Bxf5 $14 34. Re3 Kg7 35. Rg3 Kf7 36. Ra1 Rh8 37. Qf4 Rcd8 38. Rg5 Rh5 $2 (38... Ke7 $11 {and Black is okay.}) 39. Rxh5 $18 gxh5 {[#]} 40. Kh2 $1 Ke7 $2 (40... Rf8 41. Bxd5 Qxd5 42. Qxf5+ {[%mdl 64] Double Attack} Ke7 43. Qg5+ Kd7) 41. Qg5+ Kd7 {[#]} 42. Bxd5 $1 {[%mdl 576] Deflection} Qxd5 43. Qxf5+ {[%mdl 4096] Endgame KQR-KQR} Kc7 44. Rg1 Rd7 {intending ...Rf7.} 45. Qf6 Rf7 {[#]} 46. Rg7 $1 {[%cal Rg7f7]} Rxg7 47. Qxg7+ {KQ-KQ} Kb8 48. Qf6 Kc7 49. Qg7+ $2 ({Better is} 49. f3 $18) 49... Kc8 $2 {[%mdl 8192]} (49... Kb8 $1 $11 {and Black has nothing to worry.} 50. Qh8+ Kc7 51. Qxh5 b5 52. axb5 axb5 53. Qh7+ Kb6 54. Qg6+ Kc7 55. Qg7+ Qd7) 50. Qh8+ Qd8 51. Qxh5 Qf8 (51... b5 $142 52. Qf5+ Kc7 53. axb5 axb5) 52. Kg3 b5 53. axb5 axb5 54. Qg6 Kc7 {[#]} 55. Qd6+ $1 {White mates.} Qxd6 56. exd6+ Kxd6 {K3P-KPP} 57. Kf4 Kc6 58. Ke3 Kd5 59. Kd2 Ke4 60. Kc2 b4 61. cxb4 {[%cal Bc3b4,Bb4b5][%mdl 32]} Kxd4 62. f4 Ke4 63. b5 {Accuracy: White = 58%, Black = 44%.} 1-0

[Event "41st Nezhmetdinov Rapid 2019"]
[Site "Kazan"]
[Date "2019.05.29"]
[Round "1.6"]
[White "Liberman, Evgeny"]
[Black "Sarana, Alexey"]
[Result "0-1"]
[WhiteElo "1999"]
[BlackElo "2641"]
[Annotator "TA"]
[PlyCount "46"]
[EventDate "2019.05.29"]
[EventType "swiss"]
[EventCountry "RUS"]
[SourceTitle "playchess.com"]
[Source "ChessBase"]
[SourceQuality "1"]

{[%evp 10,63,0,0,-7,-9,-10,-8,0,-6,-5,-21,-30,-35,-32,-31,25,-34,-1,-51,-61,-112,-115,-122,-114,-194,-176,-187,-187,-194,0,2,19,14,22,-274,-319,-303,-258,-252,-252,-259,-272,-342,-338,-438,-326,-417,-411,-770,0,-330,-270,-415,-361,-747]} 1. e4 c5 2. Nf3 d6 3. g3 g6 4. Bg2 Bg7 5. O-O Nc6 6. Nc3 e6 {B50: Sicilian: 2...d6, Miscellaneous} (6... Nf6 7. d4 cxd4 8. Nxd4 Bd7 9. Nde2 O-O 10. h3 a6 11. Be3 Rc8 12. Nd5 Nxd5 13. exd5 Na5 14. Bd4 Bxd4 15. Nxd4 Qb6 16. b3 Qc5 17. Re1 Rfe8 18. Qd2 Qc3 19. Rad1 Qxd2 20. Rxd2 {0-1 (40) Van Foreest,J (2614)-Guseinov,G (2664) Skopje 2018}) 7. a3 Nge7 8. Rb1 b6 {The position is equal.} 9. b4 O-O 10. b5 Nd4 $146 ({Predecessor:} 10... Ne5) 11. Nxd4 cxd4 12. Ne2 Bb7 (12... e5 $15) 13. Rb4 (13. Bb2 $11) 13... e5 14. Bb2 d5 15. d3 (15. f4 $15) 15... dxe4 $17 16. dxe4 {[#]} a5 $1 {[%cal Ra5b4]} 17. Rb3 (17. Ra4 $17) 17... f5 $19 18. f3 Rc8 $36 {[%mdl 2048] Black is in control.} 19. Rd3 Qd7 $2 (19... Qe8 $19 20. a4 fxe4 21. fxe4 Rxf1+ 22. Kxf1 Qf7+ 23. Kg1 Qa2 {[%mdl 64] Double Attack}) 20. a4 $1 $11 fxe4 21. fxe4 {White wants to play Rxf8+.} Rxf1+ {[%mdl 64] Overworked Piece} 22. Qxf1 $4 {[%mdl 8192]} (22. Kxf1 $11 {and White is okay.} Qe6 23. c3) 22... Rxc2 $19 23. Ba3 Qe6 {Played: Qd7-g4} 0-1

[Event "41st Nezhmetdinov Rapid 2019"]
[Site "Kazan"]
[Date "2019.05.29"]
[Round "1.7"]
[White "Yudin, Sergei"]
[Black "Safin, Robert"]
[Result "1-0"]
[WhiteElo "2636"]
[BlackElo "1999"]
[Annotator "TA"]
[PlyCount "79"]
[EventDate "2019.05.29"]
[EventType "swiss"]
[EventCountry "RUS"]
[SourceTitle "playchess.com"]
[Source "ChessBase"]
[SourceQuality "1"]

{[%evp 21,79,12,21,12,10,18,46,43,46,47,41,45,137,130,130,116,128,129,119,92,95,101,111,97,103,103,111,98,116,86,84,78,78,71,85,75,110,109,113,113,93,92,139,140,252,259,287,286,262,257,259,189,376,367,503,489,464,450,2024,1983]} 1. e4 c5 2. Nf3 Nc6 3. c3 d5 4. exd5 Qxd5 5. d4 Bg4 6. Be2 cxd4 7. cxd4 e6 8. O-O Nf6 9. h3 Bh5 10. Nc3 Qa5 11. Qb3 Qb4 12. Be3 {B22: Sicilian: 2 c3} Qxb3 13. axb3 Nd5 (13... Bd6 14. d5 Nxd5 15. Nxd5 exd5 16. Rfd1 Rd8 17. Bxa7 O-O 18. Bb6 Rd7 19. Kf1 Nb4 20. Nd4 Bxe2+ {½-½ (20) Smagin,S (2551)-Motylev,A (2663) Sochi 2016}) 14. Nxd5 {White is slightly better.} exd5 15. g4 Bg6 16. Ne5 $146 {[#] And now Bb5 would win.} ({Predecessor:} 16. Bb5 Bd6 17. Ne5 Bxe5 18. dxe5 a6 19. Bxc6+ bxc6 {½-½ (55) Marcelin,C (2260)-Collas,D (2360) France 1996}) 16... f6 (16... Bd6 $1 $14) 17. Nxc6 $16 bxc6 18. Rfc1 $36 {[%mdl 2048] White is on the roll.} a5 {intending ...Kd7.} 19. Rxc6 {Hoping for Rc7.} Bb4 20. Bf3 Rd8 21. Bf4 Be4 22. Bxe4 dxe4 23. Re6+ Kd7 24. Rxe4 Kc6 25. Rd1 Kd5 26. Re2 Rc8 27. Kf1 Rc6 28. Bd2 Rhc8 29. Bxb4 axb4 {[%mdl 4096] Endgame KRR-KRR} 30. Rdd2 Rc1+ 31. Kg2 R8c7 32. h4 h6 {[#]} (32... g6 $16 33. g5 R1c6) 33. h5 $1 $18 Kd6 34. d5 Re7 35. Rxe7 Kxe7 36. Kf3 Kd6 $2 (36... f5 37. gxf5 Kd6) 37. Kf4 Rg1 38. f3 {White is clearly winning.} Re1 39. Rd4 Kc5 (39... Re5 $142 40. Rxb4 Rxd5) 40. d6 {Accuracy: White = 76%, Black = 38%.} 1-0

[Event "41st Nezhmetdinov Rapid 2019"]
[Site "Kazan"]
[Date "2019.05.29"]
[Round "1.8"]
[White "Murzin, Lenar"]
[Black "Khanin, Semen"]
[Result "0-1"]
[WhiteElo "1991"]
[BlackElo "2619"]
[Annotator "TA"]
[PlyCount "51"]
[EventDate "2019.05.29"]
[EventType "swiss"]
[EventCountry "RUS"]
[SourceTitle "playchess.com"]
[Source "ChessBase"]
[SourceQuality "1"]

{[%evp 9,51,26,19,-9,10,2,24,21,25,25,35,14,31,9,38,0,0,0,0,0,0,0,20,0,0,0,0,0,0,0,0,-15,88,-270,-264,-270,-256,-279,-253,-586,-593,-612,-603,-931]} 1. d4 Nf6 2. c4 e6 3. Nf3 a6 4. Nc3 d5 5. cxd5 exd5 6. Qc2 {D37: Queen's Gambit Declined: 5 Bf4} Be6 7. Bg5 Nbd7 8. e3 {White has an edge.} Bd6 9. Bd3 c6 10. O-O Qb8 $146 ({Predecessor:} 10... Qc7 11. Rfe1 O-O 12. a3 Bg4 13. Bh4 Bh5 {0-1 (35) Mamedyarov,S (2817)-Maghsoodloo,P (2688) St Petersburg 2018}) 11. Bh4 O-O (11... h6 {seems wilder.} 12. Ne2 O-O 13. h3 Re8 14. Bg3 Ne4) 12. Bg3 Bxg3 13. hxg3 Qd6 14. Rac1 Rfe8 15. Na4 Ne4 16. Bxe4 dxe4 17. Nd2 Bd5 18. Nc5 Nxc5 19. Qxc5 Qg6 20. Qb6 Qh5 (20... Re7 $11) 21. f4 $2 {[%mdl 8192]} (21. Qxb7 $16 {is necessary to keep the advantage.} Rab8 22. Qc7 (22. Qxa6 Rxb2 23. Nc4 Qe2 $14)) 21... Qe2 $19 {[%mdl 64] [#] Double Attack} ({Not} 21... Bxa2 22. b3 $15) 22. Rf2 Qxe3 23. Qb4 a5 24. Qc3 $2 (24. Qc5 {is tougher.}) 24... Qxc3 25. Rxc3 e3 {[%mdl 64] [#] Double Attack} 26. Nc4 {Accuracy: White = 38%, Black = 52%.} 0-1

[Event "41st Nezhmetdinov Rapid 2019"]
[Site "Kazan"]
[Date "2019.05.29"]
[Round "1.9"]
[White "Rozum, Ivan"]
[Black "Dubnikova, Anastasia"]
[Result "1-0"]
[WhiteElo "2598"]
[BlackElo "1959"]
[Annotator "RC"]
[PlyCount "77"]
[EventDate "2019.05.29"]
[EventType "swiss"]
[EventCountry "RUS"]
[SourceTitle "playchess.com"]
[Source "ChessBase"]
[SourceQuality "1"]
[TimeControl "900+10"]

1. d4 {[%emt 0:00:00]} d5 {[%emt 0:00:00]} 2. c4 {[%emt 0:00:00]} dxc4 {[%emt 0:00:00]} 3. e4 {[%emt 0:00:00]} e5 {[%emt 0:00:02]} 4. Nf3 {[%emt 0:00:00]} exd4 {[%emt 0:00:06]} 5. Qxd4 {[%emt 0:00:40]} Qxd4 {[%emt 0:00:15]} 6. Nxd4 {[%emt 0:00:02]} c6 {[%emt 0:01:15]} 7. Bxc4 {[%emt 0:00:05]} Bc5 {[%emt 0:00:35]} 8. Be3 {[%emt 0:00:32]} Nd7 {[%emt 0:00:17]} 9. f3 {[%emt 0:00:11]} Ne5 {[%emt 0:00:18]} 10. Be2 {[%emt 0:00:05]} Nf6 {[%emt 0:00:42]} 11. Nd2 {[%emt 0:00:11]} O-O {[%emt 0:00:27]} 12. Kf2 {[%emt 0:00:16]} Rd8 {[%emt 0:00:12]} 13. N2b3 {[%emt 0:00:05]} Bb6 {[%emt 0:00:07]} 14. Rhd1 {[%emt 0:00:05]} a5 {[%emt 0:01:41]} 15. a4 {[%emt 0:00:14]} Ng6 {[%emt 0:01:13]} 16. Rac1 {[%emt 0:00:57]} Bc7 {[%emt 0:01:29]} 17. g3 {[%emt 0:01:05]} h6 {[%emt 0:00:53]} 18. Nc5 {[%emt 0:03:27]} Rb8 {[%emt 0:01:18]} 19. Rd2 {[%emt 0:01:52]} Kf8 {[%emt 0:00:33]} 20. Rcd1 {[%emt 0:00:13]} Ke7 {[%emt 0:01:37]} 21. h4 {[%emt 0:02:00]} Ne5 {[%emt 0:00:43]} 22. g4 {[%emt 0:00:39]} b6 {[%emt 0:02:36]} 23. Na6 {[%emt 0:00:13]} Bxa6 {[%emt 0:00:41]} 24. Bxa6 {[%emt 0:00:02]} c5 {[%emt 0:01:44]} 25. Nf5+ {[%emt 0:00:18]} Kf8 {[%emt 0:00:01]} 26. Ke2 {[%emt 0:01:24]} Rxd2+ {[%emt 0:00:11]} 27. Rxd2 {[%emt 0:00:01]} Ng6 {[%emt 0:00:21]} 28. h5 {[%emt 0:00:59]} Nf4+ {[%emt 0:00:05]} 29. Kd1 {[%emt 0:00:05]} Ne6 {[%emt 0:00:11]} 30. Bc4 {[%emt 0:00:30]} Be5 {[%emt 0:00:12]} 31. Kc2 {[%emt 0:00:23]} Nf4 {[%emt 0:00:14]} 32. Kb3 {[%emt 0:00:16]} Ne6 {[%emt 0:00:08]} 33. Bxe6 {[%emt 0:00:03]} fxe6 {[%emt 0:00:01]} 34. Nh4 {[%emt 0:00:02]} Ke8 {[%emt 0:00:18]} 35. Ng6 {[%emt 0:00:10]} Bc7 {[%emt 0:00:03]} 36. Kc4 {[%emt 0:00:04]} Nd7 {[%emt 0:00:07]} 37. Kb5 {[%emt 0:00:07]} Rc8 {[%emt 0:00:05]} 38. Ka6 {[%emt 0:01:07]} Kd8 {[%emt 0:00:27]} 39. Nf8 {[%emt 0:00:04]} 1-0

[Event "41st Nezhmetdinov Rapid 2019"]
[Site "Kazan"]
[Date "2019.05.29"]
[Round "1.10"]
[White "Maltsev, Vladimir"]
[Black "Vallejo Pons, Francisco"]
[Result "0-1"]
[WhiteElo "2222"]
[BlackElo "2593"]
[Annotator "RC"]
[PlyCount "50"]
[EventDate "2019.05.29"]
[EventType "swiss"]
[EventCountry "RUS"]
[SourceTitle "playchess.com"]
[Source "ChessBase"]
[SourceQuality "1"]
[TimeControl "900+10"]

1. d4 {[%emt 0:00:00]} f5 {[%emt 0:00:00]} 2. Nc3 {[%emt 0:00:00]} Nf6 {[%emt 0:00:02]} 3. Bg5 {[%emt 0:00:00]} d5 {[%emt 0:00:02]} 4. Bxf6 {[%emt 0:03:17]} exf6 {[%emt 0:00:03]} 5. e3 {[%emt 0:00:09]} Be6 {[%emt 0:00:13]} 6. Bd3 {[%emt 0:00:14]} Nc6 {[%emt 0:00:35]} 7. Nf3 {[%emt 0:00:41]} Qd7 {[%emt 0:01:01]} 8. a3 {[%emt 0:01:02]} Ne7 {[%emt 0:00:55]} 9. Ne2 {[%emt 0:00:49]} Nc8 {[%emt 0:00:10]} 10. Nf4 {[%emt 0:01:16]} Bf7 {[%emt 0:00:04]} 11. h4 {[%emt 0:00:16]} g6 {[%emt 0:00:18]} 12. Nd2 {[%emt 0:01:25]} Nd6 {[%emt 0:01:20]} 13. Qe2 {[%emt 0:01:33]} Bh6 {[%emt 0:00:41]} 14. g3 {[%emt 0:00:28]} O-O-O {[%emt 0:00:26]} 15. O-O-O {[%emt 0:01:05]} Rhe8 {[%emt 0:01:41]} 16. Kb1 {[%emt 0:00:24]} Qc6 {[%emt 0:00:02]} 17. Rc1 {[%emt 0:02:14]} Nc4 {[%emt 0:01:11]} 18. Ka2 {[%emt 0:01:15]} Bf8 {[%emt 0:04:18]} 19. Nb1 {[%emt 0:01:19]} a6 {[%emt 0:01:15]} 20. b3 {[%emt 0:00:17]} Ne5 {[%emt 0:00:17]} 21. c4 {[%emt 0:00:21]} dxc4 {[%emt 0:01:43]} 22. Bxc4 {[%emt 0:00:15]} Nxc4 {[%emt 0:00:09]} 23. bxc4 {[%emt 0:00:02]} Rxd4 {[%emt 0:00:07]} 24. Nd2 {[%emt 0:00:26]} Qa4 {[%emt 0:00:35]} 25. Rc3 {[%emt 0:00:07]} Bb4 0-1